00476nam a2200193 a 4500001001300000003000900013005001700022008004100039020001000080082001300090100002600103245002200129260003600151300000900187500003500196505001000231650001500241700002600256nice12345678IN_TiNIC20260116012925.0050524s1985 lona grc 000 0 49g  ac10000a220bGHA aGhauri, Joseph Philip aBachchon Ki Bible aLondonbWatts and Companyc1985 a104p aincludes index and biblioraphy2 aIndex aBible-Urdu1 aGhauri, Joseph Philip